000 00747nam a2200229 i 4500
001 89450
003 ES-MaACL
007 t|
008 050110s1986 ag ||||1| spa d
020 _a950-06-1335-2
100 1 _aLangman, Jan.
_970069
245 1 0 _aEmbriología médica /
_cLagman, T.W. Sadler ; ilustraciones de Jill Leland ; traducción por Irma Lorenzo.
250 _a5ª ed.
260 _aBuenos Aires, etc. :
_bEditorial Médica Panamericana ;
_aBaltimore :
_bWilliams and Wilkins,
_c1986.
300 _a424 p. :
_bil. ;
_c23 cm.
500 _aIndice.
504 _aBibliografía.
700 1 _aSadler, T. W.
_9101283
700 1 _aLeland, Jill.
_971429
700 1 _aLorenzo, Irma.
_974150
852 _aES-MaACL
_jC-58
_bR.114369
999 _c89450
_d89450